000 004490000a22001810004500
005 20120302052754.0
942 _cBOOK
100 _a Chinmayandanda, Swami
245 _a Talks on Sankara's Vivekachoodamani
260 _aMumbai:
_bCentral Chinmaya Mission Trust,
_c1981
300 _aviii,593p
040 _aENG
365 _bRs.
650 _aPhilosophy
650 _aSankara's Vivekachoodamani
650 _aLiberation
650 _aVedanta
999 _c341034
_d341031